| 000 | 01165nam0a2200313 4500 | ||
|---|---|---|---|
| 001 | RU\NLR\bibl\1091213 | ||
| 005 | 20250615052712.0 | ||
| 010 |
_a5-94157-426-6 _93000 |
||
| 021 |
_aRU _b2007-26267 _91399 |
||
| 035 | _a(NLR Aleph) 001078346 | ||
| 090 |
_a1042531 _c1042531 |
||
| 100 | _a20070528d2007 |||y0rusy50 ca | ||
| 101 | 0 | _arus | |
| 102 | _aRU | ||
| 105 | _aa ||||||||| | ||
| 200 | 1 |
_aAutoCAD 2007 _e[наиболее полное руководство] _fНиколай Полещук |
|
| 210 |
_aСанкт-Петербург _cБХВ-Петербург _d2007 |
||
| 215 |
_a1098 с. _cил. _d24 |
||
| 225 | 1 | _aВ подлиннике | |
| 320 | _aБиблиогр.: с. 1075 (10 назв.) | ||
| 320 | _aПредм. указ.: с. 1076-1098 | ||
| 606 | 1 |
_aAutoCAD 2007, система автоматизированного проектирования _jРуководства, пособия и т.п. _92439067 _3RU\NLR\auth\661451151 |
|
| 686 | _aЖ2-5-05я7 | ||
| 700 | 1 |
_aПолещук _bН. Н. _gНиколай Н _4070 |
|
| 801 | 0 |
_aRU _bNLR _c20070528 _gRCR |
|
| 801 | 1 |
_aRU _bNLR _c20070528 |
|
| 942 | _cBOOK | ||
| 980 | _aNB | ||